[Event "NED-ch (Women)"]
[Site "Amsterdam"]
[Date "2016.08.28"]
[Round "7"]
[White "Middelveld, Martine"]
[Black "Hortensius, Lisa"]
[Result "1/2-1/2"]
[WhiteElo "2101"]
[BlackElo "2162"]
[PlyCount "61"]
[EventDate "2016.08.22"]
[EventType "tourn"]
[EventRounds "7"]
[EventCountry "NED"]
[SourceTitle "CBM 174 Extra"]
[Source "ChessBase"]
[SourceDate "2016.10.10"]
[SourceVersion "1"]
[SourceVersionDate "2016.10.10"]
[SourceQuality "1"]

1. d4 d5 2. Nf3 Nf6 3. c4 e6 4. Bg5 h6 5. Bxf6 Qxf6 6. Nc3 c6 7. e3 Nd7 8. Qc2 g6 9. cxd5 exd5 10. Bd3 Bg7 11. 0-0 0-0 12. b4 Qd6 13. Qb3 Nb6 14. Rac1 Be6 15. Na4 Nc4 16. Nc5 b5 17. a4 a6 18. Ra1 Rfb8 19. Rfb1 Bg4 20. Qc2 Bxf3 21. gxf3 Qd8 22. Kh1 Qf6 23. f4 Qe7 24. Qe2 Re8 25. Ra2 Ra7 26. Rba1 Rea8 27. Qf3 f5 28. Rg1 Qf7 29. Rga1 Qe7 30. Rg1 Qf7 31. Rga1 1/2-1/2

[Event "NED-ch (Women)"]
[Site "Amsterdam"]
[Date "2016.08.27"]
[Round "6"]
[White "Van Weersel, Arlette"]
[Black "Middelveld, Martine"]
[Result "1-0"]
[WhiteElo "2170"]
[BlackElo "2101"]
[PlyCount "73"]
[EventDate "2016.08.22"]
[EventType "tourn"]
[EventRounds "7"]
[EventCountry "NED"]
[SourceTitle "CBM 174 Extra"]
[Source "ChessBase"]
[SourceDate "2016.10.10"]
[SourceVersion "1"]
[SourceVersionDate "2016.10.10"]
[SourceQuality "1"]

1. e4 e6 2. d4 d5 3. exd5 exd5 4. Nf3 Bd6 5. c4 Nf6 6. Nc3 0-0 7. cxd5 Bb4 8. Bd3 Re8+ 9. Ne5 Nbd7 10. f4 Nxe5 11. dxe5 Nxd5 12. 0-0 Nxc3 13. bxc3 Bxc3 14. Bxh7+ Kxh7 15. Qc2+ Kg8 16. Qxc3 Bf5 17. Bb2 b6 18. Rad1 Qc8 19. h3 c5 20. g4 Be4 21. e6 f6 22. f5 Re7 23. Qc4 Bb7 24. Qf4 Qc6 25. Qg3 Kf8 26. Rd2 Qc7 27. Qxc7 Rxc7 28. Rfd1 Bc6 29. h4 Ke7 30. Kf2 a5 31. Rg1 Rg8 32. g5 Rcc8 33. Ke3 fxg5 34. Rxg5 g6 35. fxg6 Kxe6 36. h5 Be8 37. Re5+ 1-0

[Event "NED-ch (Women)"]
[Site "Amsterdam"]
[Date "2016.08.26"]
[Round "5"]
[White "Middelveld, Martine"]
[Black "Kazarian, Anna Maja"]
[Result "1-0"]
[WhiteElo "2101"]
[BlackElo "2254"]
[PlyCount "69"]
[EventDate "2016.08.22"]
[EventType "tourn"]
[EventRounds "7"]
[EventCountry "NED"]
[SourceTitle "CBM 174 Extra"]
[Source "ChessBase"]
[SourceDate "2016.10.10"]
[SourceVersion "1"]
[SourceVersionDate "2016.10.10"]
[SourceQuality "1"]

1. d4 d6 2. c4 e5 3. Nc3 exd4 4. Qxd4 Nc6 5. Qd2 Nf6 6. Nf3 Bf5 7. e3 Qd7 8. Be2 0-0-0 9. 0-0 h5 10. Ng5 Re8 11. f3 Nh7 12. Nxh7 Rxh7 13. Nd5 Ne7 14. e4 Be6 15. Qa5 Kb8 16. Be3 b6 17. Qc3 f5 18. a4 c6 19. Nb4 a5 20. Na6+ Kb7 21. b4 Kxa6 22. c5+ Kb7 23. bxa5 dxc5 24. axb6 f4 25. Bxc5 Nd5 26. exd5 Bxc5+ 27. Qxc5 Qxd5 28. Qb4 Bh3 29. Rf2 Bf5 30. a5 g5 31. a6+ Ka8 32. Rd1 Qe5 33. Qc4 c5 34. Qb5 Rh6 35. Bc4 1-0

[Event "Leiden (Women) 10th"]
[Site "Leiden"]
[Date "2016.07.24"]
[Round "6"]
[White "Braggaar, Leonore"]
[Black "Middelveld, Martine"]
[Result "0-1"]
[WhiteElo "2088"]
[BlackElo "2101"]
[PlyCount "78"]
[EventDate "2016.07.15"]
[EventType "tourn"]
[EventRounds "6"]
[EventCountry "NED"]
[SourceTitle "CBM 173 Extra"]
[Source "ChessBase"]
[SourceDate "2016.08.29"]
[SourceVersion "1"]
[SourceVersionDate "2016.08.29"]
[SourceQuality "1"]

1. e4 e6 2. d4 d5 3. Nc3 Bb4 4. e5 c5 5. a3 Bxc3+ 6. bxc3 Qc7 7. Qg4 f5 8. Qg3 Nc6 9. Nf3 cxd4 10. cxd4 Nge7 11. Bd2 0-0 12. Bd3 Bd7 13. 0-0 Be8 14. Ng5 Qd7 15. h4 Nxd4 16. Rab1 Bh5 17. f3 Rac8 18. Rb2 Ndc6 19. Rfb1 Rc7 20. a4 Kh8 21. Bc1 h6 22. Nh3 Bf7 23. Ra2 Na5 24. Qf2 Nc8 25. Bb5 Qd8 26. Ba3 Rg8 27. Rab2 b6 28. Rb4 Nc6 29. R4b3 Nxe5 30. Bb2 Nc4 31. Bxc4 Rxc4 32. g3 Qc7 33. Rc1 Ne7 34. Rd3 Nc6 35. Ng5 Rc8 36. Nxf7+ Qxf7 37. Qe3 Qg6 38. Kf2 Nb4 39. Rd2 Nxc2 0-1

[Event "Leiden (Women) 10th"]
[Site "Leiden"]
[Date "2016.07.16"]
[Round "2"]
[White "Middelveld, Martine"]
[Black "Braggaar, Leonore"]
[Result "1-0"]
[WhiteElo "2101"]
[BlackElo "2088"]
[PlyCount "51"]
[EventDate "2016.07.15"]
[EventType "tourn"]
[EventRounds "6"]
[EventCountry "NED"]
[SourceTitle "CBM 173 Extra"]
[Source "ChessBase"]
[SourceDate "2016.08.29"]
[SourceVersion "1"]
[SourceVersionDate "2016.08.29"]
[SourceQuality "1"]

1. d4 Nf6 2. Nf3 g6 3. g3 Bg7 4. Bg2 0-0 5. 0-0 d6 6. c4 Nfd7 7. Nc3 a5 8. e4 e5 9. d5 Na6 10. Rb1 Ndc5 11. b3 f5 12. a3 Bd7 13. b4 axb4 14. axb4 Nxe4 15. Nxe4 fxe4 16. Ng5 Rb8 17. Nxe4 b5 18. Bg5 Qe8 19. c5 dxc5 20. bxc5 b4 21. c6 Bf5 22. d6 Rf7 23. d7 Bxd7 24. cxd7 Rxd7 25. Qb3+ Kf8 26. f4 1-0

[Event "Groningen Atlantis op"]
[Site "Groningen"]
[Date "2015.08.29"]
[Round "5"]
[White "Middelveld, Martine"]
[Black "Hommes, Elmar"]
[Result "1-0"]
[WhiteElo "2114"]
[BlackElo "2047"]
[PlyCount "85"]
[EventDate "2015.08.27"]
[EventType "swiss"]
[EventRounds "7"]
[EventCountry "NED"]
[SourceTitle "EXT 2016"]
[Source "ChessBase"]
[SourceDate "2015.10.08"]
[SourceVersion "1"]
[SourceVersionDate "2015.10.08"]
[SourceQuality "1"]

1. d4 d5 2. Nf3 e6 3. c4 Nf6 4. Bg5 Be7 5. Nc3 c6 6. e3 Nbd7 7. cxd5 exd5 8. Bd3 0-0 9. 0-0 h6 10. Bh4 Ne4 11. Bxe7 Qxe7 12. Qc2 Re8 13. Rab1 Nd6 14. Rfe1 Nf6 15. b4 a6 16. a4 g6 17. b5 axb5 18. axb5 Bf5 19. Bxf5 Nxf5 20. bxc6 bxc6 21. Na4 Ne4 22. Nb6 Ra3 23. Qxc6 Rc3 24. Qb5 Nfd6 25. Qe2 Qe6 26. Ne5 Kg7 27. Nd3 Qf5 28. Nf4 Nf6 29. Qf3 Nde4 30. Nfxd5 Rc2 31. Qxf5 gxf5 32. Nxf6 Kxf6 33. Nd5+ Kg7 34. f3 Nd6 35. Rbc1 Rd2 36. Kf1 Nb5 37. Rc5 Nd6 38. Re2 Rd1+ 39. Kf2 Ra8 40. Kg3 Ra6 41. Kf4 Kg6 42. Ne7+ Kf6 43. Nxf5 1-0

[Event "Vlissingen HZ op 18th"]
[Site "Vlissingen"]
[Date "2014.08.07"]
[Round "7"]
[White "Freer, Glenn"]
[Black "Middelveld, Martine"]
[Result "0-1"]
[WhiteElo "1926"]
[BlackElo "2119"]
[PlyCount "72"]
[EventDate "2014.08.02"]
[EventType "swiss"]
[EventRounds "9"]
[EventCountry "NED"]
[SourceTitle "CBM 161 Extra"]
[Source "ChessBase"]
[SourceDate "2014.08.29"]
[SourceVersion "1"]
[SourceVersionDate "2014.08.29"]
[SourceQuality "1"]

1. e4 e6 2. Qe2 c5 3. Nc3 Nc6 4. d3 d5 5. g3 Nf6 6. Bg2 Nd4 7. Qd1 Be7 8. Nge2 0-0 9. 0-0 Nc6 10. a3 d4 11. Nb1 Rb8 12. h3 b5 13. b3 e5 14. f4 Ne8 15. f5 c4 16. Nd2 Ba6 17. Nf3 cxb3 18. cxb3 b4 19. a4 Nd6 20. h4 Nb7 21. Bb2 Nc5 22. Nc1 Bf6 23. Re1 Qe7 24. Bf1 g6 25. Nd2 Kh8 26. fxg6 fxg6 27. Nf3 Rf7 28. Bg2 Rbf8 29. Rf1 Bg7 30. Kh2 Bh6 31. Re1 g5 32. Re2 Rxf3 33. Bxf3 Rxf3 34. Rc2 g4 35. Rg2 Be3 36. Ra2 Qxh4+ 0-1

[Event "Pobeskydy op"]
[Site "Frydek Mistek"]
[Date "2014.04.20"]
[Round "8"]
[White "Middelveld, Martine"]
[Black "Richterova, Natasa"]
[Result "1-0"]
[WhiteElo "2108"]
[BlackElo "2034"]
[PlyCount "65"]
[EventDate "2014.04.17"]
[EventType "swiss"]
[EventRounds "9"]
[EventCountry "CZE"]
[SourceTitle "CBM 159 Extra"]
[Source "ChessBase"]
[SourceDate "2014.04.24"]
[SourceVersion "1"]
[SourceVersionDate "2014.04.24"]
[SourceQuality "1"]

1. d4 d6 2. c4 e5 3. Nf3 e4 4. Ng5 f5 5. Nc3 Be7 6. Nh3 Nf6 7. g3 c6 8. Bg2 Nbd7 9. 0-0 d5 10. cxd5 cxd5 11. Qb3 Nb6 12. f3 0-0 13. Bf4 a6 14. Rac1 Kh8 15. Nb5 axb5 16. Bc7 Qe8 17. Bxb6 b4 18. Bc5 Bxc5 19. Rxc5 b6 20. Rc7 Ba6 21. Nf4 Bc4 22. Qxb4 Rxa2 23. fxe4 Ra4 24. Qd6 dxe4 25. h4 b5 26. Bh3 g6 27. g4 Ra8 28. gxf5 gxf5 29. Bxf5 Qd8 30. Qe5 Bg8 31. Ne6 Bxe6 32. Rxh7+ Kg8 33. Qxe6+ 1-0

[Event "Pobeskydy op"]
[Site "Frydek Mistek"]
[Date "2014.04.19"]
[Round "5"]
[White "Kraus, Tomas"]
[Black "Middelveld, Martine"]
[Result "0-1"]
[WhiteElo "2326"]
[BlackElo "2108"]
[PlyCount "58"]
[EventDate "2014.04.17"]
[EventType "swiss"]
[EventRounds "9"]
[EventCountry "CZE"]
[SourceTitle "CBM 159 Extra"]
[Source "ChessBase"]
[SourceDate "2014.04.24"]
[SourceVersion "1"]
[SourceVersionDate "2014.04.24"]
[SourceQuality "1"]

1. c4 e6 2. g3 Nf6 3. Bg2 Be7 4. Nc3 d5 5. d4 0-0 6. cxd5 exd5 7. Nf3 c6 8. Qc2 Nbd7 9. 0-0 Re8 10. Bf4 Nf8 11. a3 Ng6 12. b4 Nxf4 13. gxf4 a6 14. Na4 Ne4 15. Nd2 Nxd2 16. Qxd2 Bd6 17. Nc5 Qh4 18. e3 b6 19. Nd3 Re6 20. Ne1 Rh6 21. Nf3 Qh5 22. Qe2 Rg6 23. Rfe1 Rxg2+ 24. Kxg2 Bh3+ 25. Kh1 Bg4 26. Kg2 Qh3+ 27. Kg1 Bxf3 28. Qf1 Qg4+ 29. Qg2 Qxg2# 0-1

[Event "Pobeskydy op"]
[Site "Frydek Mistek"]
[Date "2014.04.17"]
[Round "1"]
[White "Middelveld, Martine"]
[Black "Macicek, Jakub"]
[Result "1-0"]
[WhiteElo "2108"]
[BlackElo "2230"]
[PlyCount "53"]
[EventDate "2014.04.17"]
[EventType "swiss"]
[EventRounds "9"]
[EventCountry "CZE"]
[SourceTitle "CBM 159 Extra"]
[Source "ChessBase"]
[SourceDate "2014.04.24"]
[SourceVersion "1"]
[SourceVersionDate "2014.04.24"]
[SourceQuality "1"]

1. d4 f5 2. c4 Nf6 3. Nf3 g6 4. g3 Bg7 5. Bg2 d6 6. 0-0 0-0 7. Nc3 Nc6 8. d5 Na5 9. Qa4 c5 10. dxc6 Nxc6 11. Rd1 Ne4 12. Nxe4 fxe4 13. Ng5 Nd4 14. Be3 Nxe2+ 15. Kf1 Bg4 16. Rd2 e6 17. Nxe4 d5 18. cxd5 exd5 19. Rxd5 Qc8 20. Rd2 Kh8 21. h3 b5 22. Qxb5 Rb8 23. Qa4 Rxb2 24. Rxb2 Bxb2 25. Rb1 Nc3 26. Bd4+ Kg8 27. Nxc3 1-0

[Event "Roosendaal LBV op-A"]
[Site "Roosendaal"]
[Date "2012.08.18"]
[Round "4"]
[White "Middelveld, Martine"]
[Black "De Wit, Albert"]
[Result "1-0"]
[WhiteElo "2127"]
[BlackElo "2019"]
[PlyCount "89"]
[EventDate "2012.08.16"]
[EventType "swiss"]
[EventRounds "6"]
[EventCountry "NED"]
[SourceTitle "CBM 150 Extra"]
[Source "ChessBase"]
[SourceDate "2012.10.19"]
[SourceVersion "1"]
[SourceVersionDate "2012.10.19"]
[SourceQuality "1"]

1. d4 g6 2. c4 Bg7 3. Nc3 c5 4. d5 Bxc3+ 5. bxc3 f5 6. f3 Qa5 7. Qb3 Nf6 8. e3 d6 9. Nh3 Nbd7 10. Nf2 Nb6 11. Be2 Bd7 12. 0-0 0-0-0 13. Rb1 e5 14. dxe6 Bxe6 15. e4 Qa6 16. Bg5 Rhf8 17. exf5 gxf5 18. Qc2 Rd7 19. Bd3 Nxc4 20. Rbe1 d5 21. Rxe6 Qxe6 22. Bxf5 Qg8 23. Bc1 Kb8 24. Bxd7 Nxd7 25. Ng4 h5 26. Ne3 Nde5 27. f4 Nxe3 28. Bxe3 Nd7 29. Qf2 b6 30. f5 Qg4 31. h3 Qe4 32. Bh6 Rf7 33. Qg3+ Kb7 34. f6 Ka6 35. Bg5 Qg6 36. Qf4 Qe4 37. Qf2 Qg6 38. h4 Ne5 39. Qe2+ Nc4 40. Qe6 Na5 41. Qxd5 Qh7 42. Re1 Rd7 43. Qf3 Rd3 44. Qf1 c4 45. f7 1-0

[Event "Roosendaal LBV op-A"]
[Site "Roosendaal"]
[Date "2012.08.17"]
[Round "3"]
[White "Muhren, Bianca"]
[Black "Middelveld, Martine"]
[Result "1/2-1/2"]
[WhiteElo "2307"]
[BlackElo "2127"]
[PlyCount "60"]
[EventDate "2012.08.16"]
[EventType "swiss"]
[EventRounds "6"]
[EventCountry "NED"]
[SourceTitle "CBM 150 Extra"]
[Source "ChessBase"]
[SourceDate "2012.10.19"]
[SourceVersion "1"]
[SourceVersionDate "2012.10.19"]
[SourceQuality "1"]

1. e4 e6 2. d4 d5 3. Nd2 Nf6 4. e5 Nfd7 5. Bd3 c5 6. c3 Nc6 7. Ne2 cxd4 8. cxd4 f6 9. Nf4 Nxd4 10. Qh5+ Ke7 11. exf6+ Nxf6 12. Ng6+ hxg6 13. Qxh8 Kf7 14. 0-0 e5 15. Nb3 Nxb3 16. axb3 Bf5 17. Bxf5 gxf5 18. Bg5 Bc5 19. Qh4 Qd6 20. b4 Bb6 21. Ra3 g6 22. Rf3 Rg8 23. Rc1 d4 24. Bxf6 Qxf6 25. Qh7+ Qg7 26. Rh3 e4 27. Qh4 Qe5 28. Qh7+ Qg7 29. Qh4 Qe5 30. Qh7+ Qg7 1/2-1/2

[Event "Roosendaal LBV op-A"]
[Site "Roosendaal"]
[Date "2012.08.16"]
[Round "1"]
[White "Pruijssers, Roeland"]
[Black "Middelveld, Martine"]
[Result "1-0"]
[WhiteElo "2514"]
[BlackElo "2127"]
[PlyCount "47"]
[EventDate "2012.08.16"]
[EventType "swiss"]
[EventRounds "6"]
[EventCountry "NED"]
[SourceTitle "CBM 150 Extra"]
[Source "ChessBase"]
[SourceDate "2012.10.19"]
[SourceVersion "1"]
[SourceVersionDate "2012.10.19"]
[SourceQuality "1"]

1. e4 e6 2. d4 d5 3. Nc3 Bb4 4. e5 c5 5. a3 Bxc3+ 6. bxc3 Qc7 7. Nf3 b6 8. Bb5+ Bd7 9. Be2 Ne7 10. 0-0 Ba4 11. Ra2 Nbc6 12. h4 0-0 13. h5 f5 14. h6 g6 15. Ng5 Nd8 16. c4 cxd4 17. Qxd4 Nec6 18. Qd3 Qxe5 19. cxd5 Nd4 20. Bd1 exd5 21. Bb2 N8c6 22. Nf3 Nxf3+ 23. Bxf3 d4 24. Qc4+ 1-0

[Event "NED-ch (Women)"]
[Site "Amsterdam"]
[Date "2012.07.19"]
[Round "4"]
[White "Peng, Zhaoqin"]
[Black "Middelveld, Martine"]
[Result "1-0"]
[WhiteElo "2414"]
[BlackElo "2134"]
[PlyCount "65"]
[EventDate "2012.07.15"]
[EventType "tourn"]
[EventRounds "6"]
[EventCountry "NED"]
[EventCategory "2"]
[SourceTitle "CBM 149 Extra"]
[Source "ChessBase"]
[SourceDate "2012.08.24"]
[SourceVersion "1"]
[SourceVersionDate "2012.08.24"]
[SourceQuality "1"]

1. c4 e6 2. Nc3 Nf6 3. d4 Bb4 4. Bg5 c5 5. d5 d6 6. f3 h6 7. Bd2 a6 8. e4 0-0 9. Nge2 b5 10. Ng3 exd5 11. cxd5 Ba5 12. Be2 Nbd7 13. 0-0 Ne5 14. Qc2 Bd7 15. a4 c4 16. axb5 axb5 17. Kh1 Bb6 18. Rab1 Qc7 19. Nd1 Rfc8 20. Ne3 b4 21. Nef5 Ba4 22. Qc1 Nd3 23. Bxd3 cxd3 24. Qe1 Bc2 25. Rc1 b3 26. Nxg7 Kxg7 27. Nf5+ Kh7 28. Qh4 Ng8 29. Bxh6 f6 30. Bf4+ Kg6 31. Qg3+ Kh7 32. Qh3+ Kg6 33. Qg4+ 1-0

[Event "NED-ch (Women)"]
[Site "Amsterdam"]
[Date "2012.07.17"]
[Round "3"]
[White "Middelveld, Martine"]
[Black "Lanchava, Tea"]
[Result "0-1"]
[WhiteElo "2134"]
[BlackElo "2336"]
[PlyCount "142"]
[EventDate "2012.07.15"]
[EventType "tourn"]
[EventRounds "6"]
[EventCountry "NED"]
[EventCategory "2"]
[SourceTitle "CBM 149 Extra"]
[Source "ChessBase"]
[SourceDate "2012.08.24"]
[SourceVersion "1"]
[SourceVersionDate "2012.08.24"]
[SourceQuality "1"]

1. d4 f5 2. c4 Nf6 3. Nf3 g6 4. g3 Bg7 5. Bg2 0-0 6. 0-0 d6 7. Nc3 Nc6 8. d5 Na5 9. Nd2 c5 10. Qc2 e5 11. e4 f4 12. a3 b6 13. b4 Nb7 14. Nf3 Nh5 15. Ne2 g5 16. Ne1 Nf6 17. Rb1 Bd7 18. Kh1 Qc8 19. gxf4 exf4 20. f3 Qe8 21. Nd3 Rc8 22. b5 Nd8 23. Bb2 Nf7 24. Rbe1 Ne5 25. Bxe5 dxe5 26. Ng1 h5 27. Qb2 Nh7 28. Nf2 g4 29. h3 g3 30. Nd3 Qe7 31. Ra1 Qh4 32. Rfb1 Ng5 33. Qe2 Rf6 34. Qf1 Re8 35. Ne1 Rg6 36. Ra2 Rf8 37. Rb3 Bf6 38. a4 Kh8 39. Rd3 Rfg8 40. Rdd2 Nf7 41. Nd3 Nh6 42. Rdb2 Ng4 43. Re2 a6 44. bxa6 Ra8 45. a5 b5 46. Nxc5 Nf2+ 47. Rxf2 gxf2 48. Qxf2 Qxf2 49. Rxf2 Be8 50. Ne6 Bd8 51. Bf1 Bxa5 52. cxb5 Bb6 53. Rg2 Rxg2 54. Kxg2 Bd7 55. Ng5 Kg7 56. Bd3 h4 57. Ne2 Kf6 58. Ne6 Rc8 59. Kf1 Be8 60. N6xf4 exf4 61. Nxf4 Bd7 62. Ne2 Bxh3+ 63. Ke1 Bg2 64. f4 Ke7 65. e5 Bxd5 66. f5 h3 67. Nf4 Bc4 68. f6+ Kf8 69. Be4 Re8 70. Ng6+ Kf7 71. Bc6 h2 0-1

[Event "Groningen m2"]
[Site "Groningen"]
[Date "2011.12.28"]
[Round "3"]
[White "Kazarian, Anna Maja"]
[Black "Middelveld, Martine"]
[Result "0-1"]
[WhiteElo "1776"]
[BlackElo "2100"]
[PlyCount "84"]
[EventDate "2011.12.21"]
[EventType "swiss"]
[EventRounds "9"]
[EventCountry "NED"]
[SourceTitle "CBM 146 Extra"]
[Source "ChessBase"]
[SourceDate "2012.02.29"]
[SourceVersion "1"]
[SourceVersionDate "2012.02.29"]
[SourceQuality "1"]

1. e4 e6 2. d4 d5 3. exd5 exd5 4. c4 Nf6 5. Nc3 Be7 6. Bd3 Nc6 7. cxd5 Nb4 8. Bb1 Nbxd5 9. Nge2 0-0 10. 0-0 c6 11. Re1 Bg4 12. f3 Be6 13. Ne4 Qd7 14. a3 b6 15. N2g3 Rad8 16. Qc2 g6 17. b4 Nxe4 18. fxe4 Nxb4 19. Qf2 Na6 20. Bb2 Nc7 21. Bc2 Nb5 22. Red1 Nd6 23. a4 Nc4 24. Bc3 Bg5 25. Re1 Qc7 26. e5 c5 27. Ne4 cxd4 28. Bxd4 Be7 29. Nf6+ Kg7 30. Rac1 Rxd4 31. Kh1 Rd2 32. Qh4 h6 33. Bb3 Qb7 34. Qg3 Nb2 35. Bxe6 fxe6 36. Ne4 Rd7 37. Rb1 Nd3 38. Re3 Nf4 39. h3 Rd4 40. Rbe1 Bb4 41. Rf1 Nh5 42. Qg4 Rxf1+ 0-1

[Event "Groningen m2"]
[Site "Groningen"]
[Date "2011.12.27"]
[Round "2"]
[White "Middelveld, Martine"]
[Black "Kazarian, Anna Maja"]
[Result "1-0"]
[WhiteElo "2100"]
[BlackElo "1776"]
[PlyCount "61"]
[EventDate "2011.12.21"]
[EventType "swiss"]
[EventRounds "9"]
[EventCountry "NED"]
[SourceTitle "CBM 146 Extra"]
[Source "ChessBase"]
[SourceDate "2012.02.29"]
[SourceVersion "1"]
[SourceVersionDate "2012.02.29"]
[SourceQuality "1"]

1. d4 d5 2. c4 e6 3. Nc3 Be7 4. cxd5 exd5 5. Qc2 Nf6 6. Bg5 0-0 7. e3 Nbd7 8. Bd3 h6 9. Bh4 c6 10. Nge2 b6 11. 0-0 Bb7 12. Rad1 c5 13. f3 Rc8 14. Bf5 Ne8 15. Bf2 c4 16. e4 g6 17. Bh3 dxe4 18. fxe4 Ng7 19. Nf4 Bb4 20. Ncd5 Be7 21. e5 g5 22. e6 fxe6 23. Nxe6 Nxe6 24. Qg6+ Ng7 25. Be6+ Rf7 26. Qxf7+ Kh8 27. Nxe7 Qe8 28. Ng6+ Kh7 29. Qxe8 Rxe8 30. Bxd7 Rd8 31. Ne5 1-0

[Event "Hoogeveen Unive op 15th"]
[Site "Hoogeveen"]
[Date "2011.10.19"]
[Round "6"]
[White "Middelveld, Martine"]
[Black "Henseler, Jorgen"]
[Result "1/2-1/2"]
[WhiteElo "2143"]
[BlackElo "2073"]
[PlyCount "52"]
[EventDate "2011.10.14"]
[EventType "swiss"]
[EventRounds "9"]
[EventCountry "NED"]
[SourceTitle "CBM 144 Extra"]
[Source "ChessBase"]
[SourceDate "2011.10.28"]
[SourceVersion "1"]
[SourceVersionDate "2011.10.28"]
[SourceQuality "1"]

1. d4 d5 2. Nf3 Nf6 3. c4 c6 4. e3 Bg4 5. Nc3 e6 6. Qb3 Qb6 7. Ne5 Bf5 8. c5 Qc7 9. Be2 Nbd7 10. f4 Nxe5 11. fxe5 Ne4 12. Nxe4 Bxe4 13. 0-0 Be7 14. Bd3 Bxd3 15. Qxd3 f5 16. exf6 Bxf6 17. e4 dxe4 18. Qxe4 Qd7 19. Be3 0-0 20. Rf3 Qd5 21. Qxd5 exd5 22. Rd1 Rae8 23. Kf2 Re4 24. g3 Rfe8 25. Rd3 R8e7 26. h3 a6 1/2-1/2

[Event "Leiden LCT op-A 4th"]
[Site "Leiden"]
[Date "2010.07.10"]
[Round "2"]
[White "Middelveld, Martine"]
[Black "Van den Doel, Erik"]
[Result "0-1"]
[WhiteElo "2102"]
[BlackElo "2591"]
[PlyCount "134"]
[EventDate "2010.07.09"]
[EventType "swiss"]
[EventRounds "9"]
[EventCountry "NED"]
[SourceTitle "CBM 137 Extra"]
[Source "ChessBase"]
[SourceDate "2010.09.01"]
[SourceVersion "1"]
[SourceVersionDate "2010.09.01"]
[SourceQuality "1"]

1. d4 Nf6 2. c4 g6 3. f3 Bg7 4. e4 d6 5. Nc3 0-0 6. Bg5 c5 7. d5 e6 8. Qd2 exd5 9. cxd5 a6 10. a4 h6 11. Be3 Re8 12. Nge2 Nbd7 13. Ng3 h5 14. Be2 h4 15. Nf1 Nh7 16. g4 Ne5 17. h3 g5 18. Nh2 Ng6 19. Bd3 Be5 20. Ne2 Qf6 21. Ra2 Bg3+ 22. Kd1 Bd7 23. a5 Ne5 24. Ng1 Bxh2 25. Rxh2 Nxf3 26. Nxf3 Qxf3+ 27. Kc1 Bb5 28. Bc2 Qf1+ 29. Qd1 f6 30. Ra3 Re7 31. Bd2 Qxd1+ 32. Kxd1 Be8 33. Re3 Bg6 34. Bc3 Kg7 35. b4 Rc8 36. Rhe2 cxb4 37. Bxb4 Rd8 38. Kd2 Nf8 39. Ba4 Bh7 40. Bc3 Ng6 41. Bc2 Ne5 42. Bxe5 Rxe5 43. Rf2 Rc8 44. Bd3 Ree8 45. Ref3 Rf8 46. Rf1 Rc5 47. Ra1 Re8 48. Re3 Re7 49. Ree1 Kf7 50. Ra4 Rec7 51. Rb1 Bg6 52. Rab4 Rxa5 53. Rxb7 Re7 54. Rxe7+ Kxe7 55. Ke3 Be8 56. Rb7+ Bd7 57. Ra7 Ra3 58. Kd4 Kd8 59. Ra8+ Bc8 60. Ra7 Ra2 61. Rf7 Rf2 62. Rf8+ Kc7 63. Rf7+ Kb6 64. Rf8 Bd7 65. Rd8 Kc7 66. Ra8 Rf3 67. Rxa6 Rxd3+ 0-1

[Event "NED-ch (Women)"]
[Site "Haaksbergen"]
[Date "2009.09.16"]
[Round "5"]
[White "Munnik, Talitha"]
[Black "Middelveld, Martine"]
[Result "1/2-1/2"]
[WhiteElo "2009"]
[BlackElo "2078"]
[PlyCount "66"]
[EventDate "2009.09.12"]
[EventType "tourn"]
[EventRounds "10"]
[EventCountry "NED"]
[SourceTitle "CBM 132 Extra"]
[Source "ChessBase"]
[SourceDate "2009.11.03"]
[SourceVersion "1"]
[SourceVersionDate "2009.11.03"]
[SourceQuality "1"]

1. e4 e6 2. d4 d5 3. Nd2 Nf6 4. e5 Nfd7 5. Bd3 c5 6. c3 Nc6 7. Ne2 cxd4 8. cxd4 f6 9. exf6 Nxf6 10. 0-0 Bd6 11. Nf3 Qc7 12. Bg5 0-0 13. Rc1 Ng4 14. Ng3 Qb6 15. Bb1 Bd7 16. Bh4 g6 17. h3 Nh6 18. Rc3 Rae8 19. a3 Nf5 20. Nxf5 exf5 21. Ba2 Be6 22. Qd2 Kg7 23. Bg3 f4 24. Bh2 Bg8 25. g3 fxg3 26. fxg3 Rf6 27. Kg2 Rfe6 28. Rf2 Qa6 29. Qd3 Qxd3 30. Rxd3 Re2 31. Bg1 h6 32. Rd2 Rxf2+ 33. Bxf2 Be6 1/2-1/2

[Event "Wch U20 Girls"]
[Site "Gaziantep"]
[Date "2008.08.07"]
[Round "6"]
[White "Corke, Anya Sun"]
[Black "Middelveld, Martine"]
[Result "1-0"]
[WhiteElo "2255"]
[BlackElo "2073"]
[PlyCount "69"]
[EventDate "2008.08.03"]
[EventType "swiss"]
[EventRounds "13"]
[EventCountry "TUR"]
[SourceTitle "CBM 125 Extra"]
[Source "ChessBase"]
[SourceDate "2008.09.01"]
[SourceVersion "1"]
[SourceVersionDate "2008.09.01"]
[SourceQuality "1"]

1. d4 e6 2. Nf3 Nf6 3. g3 b6 4. Bg2 Bb7 5. 0-0 c5 6. dxc5 bxc5 7. b3 Be7 8. Bb2 0-0 9. Nbd2 Qc7 10. c3 Ne4 11. Nxe4 Bxe4 12. Nd2 Bxg2 13. Kxg2 d6 14. e4 Nd7 15. Qe2 a5 16. Rad1 Nb6 17. c4 Nd7 18. Nb1 a4 19. Nc3 axb3 20. Nb5 Qc6 21. axb3 Rfd8 22. Kg1 Ra2 23. Rd2 Nf6 24. f3 Ne8 25. Rfd1 Nc7 26. Nc3 Raa8 27. Nb1 Rab8 28. Rd3 Qa6 29. Qd2 Rb6 30. Qc3 Bf6 31. e5 Be7 32. exd6 Bf6 33. dxc7 Rf8 34. Qc2 Qa2 35. Rd8 1-0

[Event "Wch U20 Girls"]
[Site "Gaziantep"]
[Date "2008.08.06"]
[Round "5"]
[White "Middelveld, Martine"]
[Black "Gasik, Anna"]
[Result "1/2-1/2"]
[WhiteElo "2073"]
[BlackElo "2211"]
[PlyCount "46"]
[EventDate "2008.08.03"]
[EventType "swiss"]
[EventRounds "13"]
[EventCountry "TUR"]
[SourceTitle "CBM 125 Extra"]
[Source "ChessBase"]
[SourceDate "2008.09.01"]
[SourceVersion "1"]
[SourceVersionDate "2008.09.01"]
[SourceQuality "1"]

1. d4 c5 2. d5 e5 3. c4 d6 4. e4 Be7 5. Nf3 Bg4 6. Nbd2 Bg5 7. Qa4+ Bd7 8. Qb3 b6 9. Nxg5 Qxg5 10. h4 Qd8 11. Bd3 Nh6 12. Nf1 Ng4 13. f3 Nf6 14. h5 h6 15. g4 Nh7 16. Bd2 Ng5 17. Be2 Na6 18. Ng3 Nc7 19. a4 Rb8 20. Kf2 f6 21. Kg2 0-0 22. Qc2 a6 23. Rhb1 a5 1/2-1/2